Christian Holy Days - Click Quiz - Statistics

General Stats
  • This quiz has been taken 96 times
  • The average score is 11 of 18
Answer Stats
Hint Answer % Correct
Commemoration of the birth of Jesus Christmas
82%
Season of waiting and preparation prior to Christmas Advent
80%
Celebrates the three Persons of God: the Father, the Son, and the Holy Spirit Trinity Sunday
76%
Christian solemnity celebrated in honor of all the saints of the Church All Saints' Day
76%
Celebration of Jesus' resurrection from the dead Easter Sunday
74%
40-day period of purification and penance prior to Holy Week Lent
73%
Commemoration of the baptism of Jesus in the Jordan River by John the Baptist Baptism of our Lord
71%
Commemoration of Jesus' entry into Heaven after the resurrection. Ascension
65%
Commemoration of Jesus' death on the cross Good Friday
64%
Announcement made by the archangel Gabriel to Mary that she would conceive and bear the Messiah through virgin birth Annunciation
64%
Commemoration of Jesus' triumphant entry into Jerusalem Palm Sunday
59%
The first day of Lent Ash Wednesday
58%
Commemoration of the descent of the Holy Spirit upon the Apostles Pentecost
47%
Commemoration of the visit of the Magi Epiphany
45%
Commemoration of the Last Supper Maundy Thursday
44%
The final day of Holy Week, often celebrated with the Easter Vigil Holy Saturday
39%
Jesus shines radiently in glory, is joined by Moses and Elijah, and is pronounced the Son of God by the voice of God the Father Transfiguration
36%
Commemoration of Jesus' betrayal by Judas Iscariot Holy Wednesday
27%
No matching quizzes found
Score Distribution
Percent of People with Each Score
Percentile by Number Answered
Your Score History
You have not taken this quiz